Использование НЛП в обучении иностранному языку; Прикладная филология: идеи, концепции, проекты; Ч. 1

Bibliographische Detailangaben
Parent link:Прикладная филология: идеи, концепции, проекты: сборник статей VIII Международной научно-практической конференции, 27-29 октября 2010 г./ Национальный исследовательский Томский политехнический университет (ТПУ), Институт международного образования и языковой коммуникации (ИМОЯК) ; под ред. С. А. Песоцкой.— , 2010
Ч. 1.— 2010.— С. 120-127
1. Verfasser: Бедрин Р. И. Роман Игоревич
Sprache:Russisch
Veröffentlicht: 2010
Schriftenreihe:Инновационные подходы к лингвогуманитарной подготовке специалистов с высшим профессиональным образованием
Schlagworte:
Format: Buchkapitel
KOHA link:https://koha.lib.tpu.ru/cgi-bin/koha/opac-detail.pl?biblionumber=237386

MARC

LEADER 00000naa2a2200000 4500
001 237386
005 20231031204840.0
035 |a (RuTPU)RU\TPU\book\258559 
035 |a RU\TPU\book\258540 
090 |a 237386 
100 |a 20130515d2010 k y0rusy50 ca 
101 0 |a rus 
102 |a RU 
200 1 |a Использование НЛП в обучении иностранному языку  |f Р. И. Бедрин 
225 1 |a Инновационные подходы к лингвогуманитарной подготовке специалистов с высшим профессиональным образованием 
320 |a Библиогр.: с. 127 (6 назв.) 
461 0 |0 (RuTPU)RU\TPU\book\251554  |t Прикладная филология: идеи, концепции, проекты  |o сборник статей VIII Международной научно-практической конференции, 27-29 октября 2010 г.  |o в 2 ч.  |f Национальный исследовательский Томский политехнический университет (ТПУ), Институт международного образования и языковой коммуникации (ИМОЯК) ; под ред. С. А. Песоцкой  |d 2010 
463 0 |0 (RuTPU)RU\TPU\book\250264  |t Ч. 1  |v С. 120-127  |d 2010  |p 231 с. 
610 1 |a труды учёных ТПУ 
610 1 |a иностранные языки 
610 1 |a обучение 
610 1 |a личностно-ориентированное обучение 
610 1 |a методические аспекты 
610 1 |a английский язык 
610 1 |a нейролингвистическое программирование 
700 1 |a Бедрин  |b Р. И.  |c специалист в области лингвистики  |c преподаватель Томского политехнического университета  |f 1985-  |g Роман Игоревич  |2 stltpush  |3 (RuTPU)RU\TPU\pers\30791 
801 1 |a RU  |b 63413507  |c 20130514 
801 2 |a RU  |b 63413507  |c 20130609  |g RCR 
942 |c BK